Prevence a řízení podnikatelské krize v aktuálním českém hospodářském prostředí
Enregistré dans:
| Auteur principal: | |
|---|---|
| Autres auteurs: | |
| Format: | Livre |
| Langue: | tchèque |
| Publié: |
Praha
Victoria Publ.
1995
|
| Édition: | 1. vyd. |
| Sujets: | |
| Tags: |
Pas de tags, Soyez le premier à ajouter un tag!
|
MARC
| LEADER | 00000nam a2200000 4500 | ||
|---|---|---|---|
| 001 | c012021 | ||
| 005 | 20230228111148.6 | ||
| 020 | |a 80-85865-52-1 | ||
| 041 | 0 | |a cze | |
| 044 | |a CZ | ||
| 245 | 1 | 0 | |a Prevence a řízení podnikatelské krize v aktuálním českém hospodářském prostředí |c Miloslava Umlaufová, Luděk Pfeifer |
| 250 | |a 1. vyd. | ||
| 264 | 1 | |a Praha |b Victoria Publ. |c 1995 | |
| 300 | |a 101 s. | ||
| 610 | 2 | 0 | |a stratégia podniková |
| 610 | 2 | 0 | |a kríza |
| 610 | 2 | 0 | |a riadenie podnikové |
| 610 | 2 | 0 | |a podnikanie |
| 610 | 2 | 0 | |a firmy |
| 100 | 1 | |a Umlaufová, Miloslava | |
| 700 | 1 | |a Pfeifer, Luděk | |